<?xml version="1.0" encoding="UTF-8"?>
<marc:record xmlns:marc="http://www.loc.gov/MARC21/slim">
   <marc:leader>00000nam a2200000 a 4500</marc:leader>
   <marc:datafield ind1="1" ind2=" " tag="100">
      <marc:subfield code="a">Boyle, Tom Coraghessan</marc:subfield>
      <marc:subfield code="4">aut</marc:subfield>
      <marc:subfield code="e">Verfasser/-in</marc:subfield>
   </marc:datafield>
   <marc:datafield ind1="1" ind2=" " tag="100">
      <marc:subfield code="a">Gunsteren, Dirk van</marc:subfield>
      <marc:subfield code="4">trl</marc:subfield>
      <marc:subfield code="e">Übersetzer/-in</marc:subfield>
   </marc:datafield>
   <marc:datafield ind1=" " ind2=" " tag="653">
      <marc:subfield code="a">Familiensaga</marc:subfield>
   </marc:datafield>
   <marc:datafield ind1=" " ind2=" " tag="653">
      <marc:subfield code="a">USA</marc:subfield>
   </marc:datafield>
   <marc:datafield ind1="0" ind2="0" tag="245">
      <marc:subfield code="a">San Miguel</marc:subfield>
   </marc:datafield>
   <marc:datafield ind1="0" ind2="0" tag="245">
      <marc:subfield code="c">Tom Coraghessan Boyle; Aus dem Engl. übers.</marc:subfield>
   </marc:datafield>
   <marc:datafield ind1=" " ind2="1" tag="264">
      <marc:subfield code="a">München</marc:subfield>
      <marc:subfield code="b">Hanser</marc:subfield>
      <marc:subfield code="c">2013</marc:subfield>
   </marc:datafield>
   <marc:datafield ind1="1" ind2=" " tag="520">
      <marc:subfield code="a">Eine einsame Insel vor der Küste von Kalifornien, die für die einen die Hölle ist, für die anderen das Paradies: Die schwindsüchtige Marantha verschlägt es 1888 nach San Miguel. Während sie sich, geplagt vom rauen Klima, von Monotonie und Einsamkeit, dem Leben entzieht, schafft es Adoptivtochter Edith, dem tyrannischen Vater und der verhassten Insel zu entfliehen. Jahrzehnte später zieht Elise Lester dorthin und findet mit ihrer Familie ihr Glück. Die Presse in den USA feiert die Lesters mitten in der Weltwirtschaftskrise als Inbild vom Mythos der Pioniere, doch die Idylle trügt. Boyle gelingt es meisterhaft, in dieser großen Saga das Schicksal dreier starker Frauen lebendig werden zu lassen.</marc:subfield>
   </marc:datafield>
   <marc:datafield ind1=" " ind2=" " tag="020">
      <marc:subfield code="a">9783446243231</marc:subfield>
      <marc:subfield code="9">9783446243231</marc:subfield>
   </marc:datafield>
   <marc:datafield ind1=" " ind2=" " tag="041">
      <marc:subfield code="a">ger</marc:subfield>
   </marc:datafield>
   <marc:datafield ind1=" " ind2=" " tag="300">
      <marc:subfield code="a">443 S. : Kt.</marc:subfield>
   </marc:datafield>
</marc:record>
